Bình giảng ngụ ngôn Việt Nam
Trình bày đặc trưng cơ bản và ý nghĩa dân gian của truyện ngụ ngôn Việt Nam. Bình giảng ngụ ngôn dân gian Việt Nam như ca dao, vè, thơ, truyện ngắn..
Đã lưu trong:
| Tác giả chính: | |
|---|---|
| Định dạng: | Sách |
| Năm xuất bản: |
H.
Giáo dục
1997
|
| Chủ đề: | |
| Tags: |
Thêm thẻ
Không có thẻ, Hãy là người đầu tiên gắn thẻ bản ghi này!
|
| LEADER | 02305nam a2200289 4500 | ||
|---|---|---|---|
| 082 | |a 398.209597 |b TR561CH | ||
| 100 | |a Trương Chính | ||
| 245 | |a Bình giảng ngụ ngôn Việt Nam |c Trương Chính | ||
| 260 | |a H. |b Giáo dục |c 1997 | ||
| 300 | |a 229 tr. |c 21 cm | ||
| 520 | |a Trình bày đặc trưng cơ bản và ý nghĩa dân gian của truyện ngụ ngôn Việt Nam. Bình giảng ngụ ngôn dân gian Việt Nam như ca dao, vè, thơ, truyện ngắn.. | ||
| 653 | |a Văn học dân gian | ||
| 653 | |a Việt Nam | ||
| 653 | |a Truyện ngụ ngôn | ||
| 653 | |a Bình giảng | ||
| 942 | |2 ddc |c STK0 | ||
| 999 | |c 2384 |d 2384 | ||
| 952 | |0 0 |1 0 |2 ddc |4 0 |6 398_209597000000000_TR561CH |7 1 |8 300 |9 31330 |a qbu |b qbu |c D2 |d 2014-12-13 |g 17600 |o 398.209597 TR561CH |p 3744.c1 |r 0000-00-00 |w 2014-12-13 |y STK0 | ||
| 952 | |0 0 |1 0 |2 ddc |4 0 |6 398_209597000000000_TR561CH |7 0 |8 300 |9 31331 |a qbu |b qbu |c D2 |d 2014-12-13 |g 17600 |o 398.209597 TR561CH |p 3744.c2 |r 0000-00-00 |w 2014-12-13 |y STK0 | ||
| 952 | |0 0 |1 0 |2 ddc |4 0 |6 398_209597000000000_TR561CH |7 0 |8 300 |9 31332 |a qbu |b qbu |c D2 |d 2014-12-13 |g 17600 |o 398.209597 TR561CH |p 3744.c3 |r 0000-00-00 |w 2014-12-13 |y STK0 | ||
| 952 | |0 0 |1 0 |2 ddc |4 0 |6 398_209597000000000_TR561CH |7 0 |8 300 |9 31333 |a qbu |b qbu |c D2 |d 2014-12-13 |g 17600 |o 398.209597 TR561CH |p 3744.c4 |r 0000-00-00 |w 2014-12-13 |y STK0 | ||
| 952 | |0 0 |1 0 |2 ddc |4 0 |6 398_209597000000000_TR561CH |7 0 |8 300 |9 31334 |a qbu |b qbu |c D2 |d 2014-12-13 |g 17600 |o 398.209597 TR561CH |p 3744.c5 |r 0000-00-00 |w 2014-12-13 |y STK0 | ||
| 952 | |0 0 |1 0 |2 ddc |4 0 |6 398_209597000000000_TR561CH |7 0 |8 300 |9 31335 |a qbu |b qbu |c D2 |d 2014-12-13 |g 17600 |o 398.209597 TR561CH |p 3744.c6 |r 0000-00-00 |w 2014-12-13 |y STK0 | ||
| 952 | |0 0 |1 0 |2 ddc |4 0 |6 398_209597000000000_TR561CH |7 0 |8 300 |9 31336 |a qbu |b qbu |c D2 |d 2014-12-13 |g 17600 |o 398.209597 TR561CH |p 3744.c7 |r 0000-00-00 |w 2014-12-13 |y STK0 | ||
| 952 | |0 0 |1 0 |2 ddc |4 0 |6 398_209597000000000_TR561CH |7 0 |8 300 |9 31337 |a qbu |b qbu |c D2 |d 2014-12-13 |g 17600 |l 1 |m 1 |o 398.209597 TR561CH |p 3744.c8 |r 2020-06-11 |s 2020-05-21 |w 2014-12-13 |y STK0 | ||
| 952 | |0 0 |1 0 |2 ddc |4 0 |6 398_209597000000000_TR561CH |7 0 |8 300 |9 31338 |a qbu |b qbu |c D2 |d 2014-12-13 |g 17600 |l 1 |o 398.209597 TR561CH |p 3744.c9 |r 2016-09-13 |s 2016-08-29 |w 2014-12-13 |y STK0 | ||
| 952 | |0 0 |1 0 |2 ddc |4 0 |6 398_209597000000000_TR561CH |7 0 |8 300 |9 31339 |a qbu |b qbu |c D2 |d 2014-12-13 |g 17600 |o 398.209597 TR561CH |p 3744.c10 |r 0000-00-00 |w 2014-12-13 |y STK0 | ||